Bouches-du-Rhône - mort subite - Statistiques

Statistiques générales
  • Ce quiz a été pris 91 fois
  • Le résultat moyen est 9 sur 18
Answers on the Grid
Answers color-coded by a green-red scale on the quiz's grid according to % correct below.
Marseille
Le point le plus bas de la France
Hôtel des Invalides
Manille
La Camargue
Riau
Le port le plus grand en France
Sainte-Maxime
Salon-de-Provence
Fourvière
Les Calanques
Lattaquié
Meta
Bertoua
Martigues
Lambesc
Ede
La gare Saint-Charles
Istres
Mersin
Orange
L'Adoration des Bergers de Rubens
Aigues-Mortes
Le plus long tunnel-canal du monde
Le Petit Rhône
Marignane
Fort Portal
Anié
La Ciotat
Miramas
Daşoguz
Ede
CEA Cadarache
Jember
Aubagne
Most
 
Statistiques - réponses
Réponse % Correct
Marseille
100%
Martigues
78%
Les Calanques
76%
Salon-de-Provence
76%
Istres
69%
La Camargue
67%
Marseille La gare Saint-Charles
67%
Marignane
62%
Aubagne
58%
La Ciotat
56%
Miramas
56%
Lambesc
47%
Le Petit Rhône
27%
Étang de Lavalduc, -10 m Le point le plus bas de la France
27%
Marseille-Fos Le port le plus grand en France
25%
Le tunnel du Rove Le plus long tunnel-canal du monde
22%
CEA Cadarache
20%
Musée des Beaux-Arts, Marseille L'Adoration des Bergers de Rubens
11%
Aucun quiz correspondant
Distribution des résultats
% des personnes avec chaque résultat
Percentile par nombre de réponses
Votre historique - résultats
Vous n’avez pas pris ce quiz